Mangkuk kecil

Bibliographic Details
Other Authors: Safura (penyusun)
Format: Book
Published: Kuala Lumpur : Fargoes , 2002
Series:Tekun membaca
Subjects:

MARC

LEADER 00000cam a2200000 7i4500
001 0000001148
005 20220105103918.0
008 070704
020 |a 9679279448 
090 0 0 |a JP   |b MAL (1228) 
245 0 0 |a Mangkuk kecil   |c Safura (penyusun) 
260 |a Kuala Lumpur :   |b Fargoes ,   |c 2002 
440 0 |a Tekun membaca 
500 |a Children age 4-6 years old (yellow) 
650 0 |a Junior preschool   |x Malay   |x Languages 
700 0 |a Safura (penyusun) 
999 |a 0000766623   |b Book   |c Children Collection   |e Cawangan Bandar Penawar 
999 |a 0000766624   |b Book   |c Children Collection   |e Cawangan Bandar Penawar 
999 |a 0000773311   |b Book   |c Children Collection   |e Cawangan Pontian 
999 |a 0000773315   |b Book   |c Children Collection   |e Cawangan Pontian 
999 |a 0000786908   |b Book   |c Children Collection   |e Cawangan Segamat 
999 |a 0000786909   |b Book   |c Children Collection   |e Cawangan Segamat 
999 |a 0000896383   |b Book   |c Children Collection   |e Cawangan Segamat 
999 |a 0000896384   |b Book   |c Children Collection   |e Cawangan Bandar Penawar 
999 |a 0000896387   |b Book   |c Children Collection   |e Cawangan Taman Universiti 
999 |a 0000901024   |b Book   |c Children Collection   |e Cawangan Taman Universiti 
999 |a 0000901025   |b Book   |c Children Collection   |e Cawangan Taman Universiti 
999 |a 0000901029   |b Book   |c Children Collection   |e Cawangan Pontian 
999 |a 0000956929   |b Book   |c Children Collection   |e Perbadanan Perpustakaan Awam Johor 
999 |a 0000956931   |b Book   |c Children Collection   |e Cawangan Sri Merlong 
999 |a 0000956932   |b Book   |c Children Collection   |e Cawangan Taman Sri Lambak 
999 |a 0001095817   |b Book   |c Children Collection   |e Cawangan Bandar Penawar 
999 |a 0001095819   |b Book   |c Children Collection   |e Cawangan Pontian 
999 |a 0001095840   |b Book   |c Children Collection   |e Cawangan Tangkak 
999 |a 0001095843   |b Book   |c Children Collection   |e Cawangan Taman Sri Lambak 
999 |a 0001164772   |b Book   |c Children Collection   |e Cawangan Bukit Gambir 
999 |a 0001164775   |b Book   |c Children Collection   |e Cawangan Taman Universiti 
999 |a 0001164780   |b Book   |c Children Collection   |e Cawangan Segamat 
999 |a 0001164783   |b Book   |c Children Collection   |e Cawangan Pontian 
999 |a 0001164784   |b Book   |c Children Collection   |e Cawangan Taman Sri Lambak 
999 |a 0001164785   |b Book   |c Children Collection   |e Cawangan Tmn. Ungku Tun Aminah